A Sketcher's Book/ (Record no. 14404)

000 -LEADER
fixed length control field 00300nam a22001337a 4500
003 - CONTROL NUMBER IDENTIFIER
control field OSt
005 - DATE AND TIME OF LATEST TRANSACTION
control field 20260211174805.0
008 - FIXED-LENGTH DATA ELEMENTS--GENERAL INFORMATION
fixed length control field 260211b ||||| |||| 00| 0 eng d
020 ## - INTERNATIONAL STANDARD BOOK NUMBER
International Standard Book Number 9789384204303
082 ## - DEWEY DECIMAL CLASSIFICATION NUMBER
Classification number 720.48
Item number AUT
100 ## - MAIN ENTRY--PERSONAL NAME
Personal name Nikhil Authankar
245 ## - TITLE STATEMENT
Title A Sketcher's Book/
942 ## - ADDED ENTRY ELEMENTS (KOHA)
Source of classification or shelving scheme
Holdings
Withdrawn status Lost status Source of classification or shelving scheme Damaged status Koha normalized classification for sorting Not for loan Permanent location Current location Date acquired Full call number Barcode Date last seen Price effective from Koha item type
        720_480000000000000_AUT   BMS College of Architecture, Design and Planning BMS College of Architecture, Design and Planning 2026-02-11 720.48 AUT AR-UG5295 2026-02-11 2026-02-11 UG Books
        720_480000000000000_AUT   BMS College of Architecture, Design and Planning BMS College of Architecture, Design and Planning 2026-02-11 720.48 AUT AR-UG5296 2026-02-11 2026-02-11 UG Books
Copyright © 2025, The Librarian, Library and Information Centre, BMSCA D&P, Bengaluru. All Rights Reserved
web counter

Powered by Koha